[Event "Ch World (match)"]
[Site "Ch World (match)"]
[Date "1971.??.??"]
[Round "10"]
[White "Korchnoi, Viktor L"]
[Black "Petrosian, Tigran V"]
[Result "1/2-1/2"]
[WhiteElo "2660"]
[BlackElo "2640"]
[PlyCount "68"]
[EventDate "1971.??.??"]
[Source "www.chesslib.no"]
[SourceDate "2004.05.04"]

1. c4 Nf6 2. d4 e6 3. g3 d5 4. Bg2 dxc4 5. Qa4+ Bd7 6. Qxc4 Bc6 7. Nf3 Bd5 8. Qa4+ Qd7 9. Qd1 Nc6 10. Nc3 Bb4 11. O-O Bxc3 12. bxc3 O-O 13. Re1 h6 14. e3 Rfe8 15. Bb2 Na5 16. Bf1 Nc4 17. Bxc4 Bxc4 18. Ne5 Qb5 19. Qc2 Rad8 20. a4 Qa6 21. a5 c5 22. Ba3 cxd4 23. cxd4 Bb5 24. Rec1 Nd7 25. Nf3 Bc6 26. Ne1 e5 27. Bb2 exd4 28. Bxd4 Ne5 29. Qc3 Qe2 30. Qb2 Qd1 31. h4 a6 32. Bxe5 Rxe5 33. Qb4 Rdd5 34. Qf4 Qf3 1/2-1/2

[Event "Belgrade YUG"]
[Site "Belgrade SCG"]
[Date "1985.??.??"]
[Round "?"]
[White "Andersson, Ulf"]
[Black "Kasparov, Gary"]
[Result "1/2-1/2"]
[WhiteElo "2575"]
[BlackElo "2715"]
[PlyCount "47"]
[EventDate "1985.??.??"]
[Source "www.chesslib.no"]
[SourceDate "2004.05.04"]

1. d4 d5 2. c4 e6 3. Nf3 Nf6 4. g3 dxc4 5. Qa4+ Nbd7 6. Bg2 a6 7. Nc3 Rb8 8. Qxc4 b5 9. Qd3 Bb7 10. Bf4 Rc8 11. O-O c5 12. dxc5 Bxc5 13. Rad1 O-O 14. Ne5 Bxg2 15. Kxg2 Nxe5 16. Bxe5 Be7 17. Qf3 Qa5 18. Qb7 Rfd8 19. a3 b4 20. Bxf6 gxf6 21. axb4 Qxb4 22. Qxb4 Bxb4 23. Ne4 Kg7 24. Nd6 1/2-1/2

[Event "Corr"]
[Site "?"]
[Date "1999.06.30"]
[Round "?"]
[White "Sloth Jorn"]
[Black "Bang Erik (DEN)"]
[Result "1/2-1/2"]
[WhiteElo "2610"]
[BlackElo "2663"]
[PlyCount "39"]
[EventDate "1999.??.??"]
[Source "www.chesslib.no"]
[SourceDate "2004.05.04"]

1. d4 Nf6 2. c4 e6 3. g3 d5 4. Bg2 dxc4 5. Qa4+ Nbd7 6. Nd2 c6 7. Qxc4 e5 8. Ngf3 exd4 9. O-O Be7 10. Qxd4 O-O 11. Nc4 Nb6 12. Na5 Nbd5 13. Bd2 Qb6 14. a3 Bf5 15. Qxb6 axb6 16. Nb3 Rfd8 17. Nbd4 Be4 18. Bh3 b5 19. Nf5 Bf8 20. Rad1 1/2-1/2

[Event "RUS-Cup"]
[Site "Krasnodar"]
[Date "1998.??.??"]
[Round "3"]
[White "Burmakin, Vladimir"]
[Black "Aleksandrov, Aleksej"]
[Result "1-0"]
[WhiteElo "2550"]
[BlackElo "2615"]
[PlyCount "96"]
[EventDate "1998.??.??"]
[Source "www.chesslib.no"]
[SourceDate "2004.05.04"]

1. d4 Nf6 2. c4 e6 3. Nf3 d5 4. g3 dxc4 5. Qa4+ Nbd7 6. Bg2 a6 7. Nc3 Be7 8. Ne5 c5 9. dxc5 Bxc5 10. O-O O-O 11. Nxc4 Ra7 12. Qd1 Qc7 13. Nd2 Rd8 14. Nde4 h6 15. Nxc5 Nxc5 16. Bf4 Qe7 17. Qc2 b6 18. b4 Ncd7 19. Rfd1 Bb7 20. Bd6 Qe8 21. e4 Raa8 22. e5 Bxg2 23. Kxg2 Rac8 24. exf6 Nxf6 25. Be5 Qc6+ 26. Kg1 Nd7 27. Qe2 Nxe5 28. Rxd8+ Rxd8 29. Qxe5 Qc4 30. a3 f6 31. Qe1 e5 32. Nd1 b5 33. Ne3 Qe4 34. Rd1 Rd4 35. Ng2 Qc6 36. Rxd4 exd4 37. Qd2 Qf3 38. Nf4 g5 39. Ne2 Kf7 40. Nxd4 Qxa3 41. h3 Qa1+ 42. Kg2 Qb1 43. Nc2 Kg6 44. Qe2 Kf7 45. Qe4 h5 46. Qh7+ Ke8 47. Qc7 g4 48. hxg4 hxg4 1-0

[Event "Corr"]
[Site "?"]
[Date "1999.06.30"]
[Round "?"]
[White "Sloth Jorn"]
[Black "Mohrlok Dieter (GER)"]
[Result "0-1"]
[WhiteElo "2610"]
[BlackElo "2533"]
[PlyCount "108"]
[EventDate "1999.??.??"]
[Source "www.chesslib.no"]
[SourceDate "2004.05.04"]

1. d4 Nf6 2. c4 e6 3. g3 d5 4. Bg2 dxc4 5. Qa4+ Nbd7 6. Nd2 c6 7. Qxc4 e5 8. Ngf3 Nb6 9. Qd3 exd4 10. O-O Be7 11. Nxd4 O-O 12. Ne4 Nxe4 13. Bxe4 Bf6 14. Rd1 Qe7 15. Bf4 g6 16. Bf3 Bh3 17. Nb3 Bxb2 18. Bd6 Qf6 19. Bxf8 Bxa1 20. Bh6 Be5 21. Nc5 Bf5 22. Be4 Nd5 23. Bxf5 gxf5 24. Bd2 b6 25. Nd7 Qe6 26. Nxe5 Qxe5 27. Rc1 c5 28. Rc4 Re8 29. a4 Ne7 30. g4 Nc6 31. gxf5 Nd4 32. Be3 Nxf5 33. Rg4+ Kh8 34. Bd2 Nd4 35. Be3 Rd8 36. Kg2 Ne6 37. Qe4 Qxe4+ 38. Rxe4 Rd5 39. Bc1 Kg7 40. f3 Kf6 41. Kf2 Rh5 42. h4 Ke7 43. Rg4 f5 44. Rc4 Kd6 45. e4 f4 46. Kg2 Rxh4 47. Bb2 a6 48. Rc1 Rh5 49. Rd1+ Ke7 50. Rb1 Kd7 51. Rd1+ Kc7 52. e5 Rg5+ 53. Kf2 c4 54. Ba3 h5 0-1

[Event "Linares Anibal op 3rd"]
[Site "Linares"]
[Date "1996.??.??"]
[Round "?"]
[White "Bischoff, Klaus"]
[Black "Korneev, Oleg"]
[Result "1/2-1/2"]
[WhiteElo "2520"]
[BlackElo "2590"]
[PlyCount "50"]
[EventDate "1996.01.??"]
[Source "ChessBase"]

1. c4 e6 2. g3 d5 3. Bg2 Nf6 4. d4 dxc4 5. Qa4+ Nbd7 6. Nd2 c6 7. Qxc4 e5 8. Ngf3 Nb6 9. Qd3 exd4 10. Nxd4 Be7 11. O-O O-O 12. N2f3 Re8 13. Qc2 Qd5 14. Rd1 Qh5 15. Nh4 Nfd5 16. Nhf5 Bf8 17. Bf3 Qg6 18. Ne3 Qxc2 19. Ndxc2 Be6 20. Nxd5 Bxd5 21. Bxd5 Nxd5 22. Kf1 Bc5 23. Ne1 Rad8 24. Bg5 f6 25. Bd2 f5 1/2-1/2

[Event "Ch World (juniors)"]
[Site "Baguio (Philippines)"]
[Date "1987.??.??"]
[Round "?"]
[White "Hansen, Curt"]
[Black "Agdestein, Simen"]
[Result "0-1"]
[WhiteElo "2550"]
[BlackElo "2560"]
[PlyCount "68"]
[EventDate "1987.??.??"]
[Source "www.chesslib.no"]
[SourceDate "2004.05.04"]

1. d4 e6 2. c4 Nf6 3. g3 d5 4. Bg2 dxc4 5. Qa4+ Nbd7 6. Nf3 a6 7. Nc3 Be7 8. Qxc4 b5 9. Qd3 Bb7 10. O-O O-O 11. Bg5 c5 12. Rad1 c4 13. Qc2 h6 14. Bxf6 Nxf6 15. Ne5 Bxg2 16. Kxg2 Rc8 17. e4 Qb6 18. Ne2 Qb7 19. f3 Bd6 20. Qd2 Rfd8 21. Qe3 Qa7 22. f4 Qb7 23. Kf3 Nd7 24. Kf2 Bb8 25. Rg1 Nf6 26. Kf3 Ne8 27. g4 Nd6 28. Ng3 f6 29. Ng6 Ba7 30. Ke2 c3 31. bxc3 b4 32. e5 Rxc3 33. Qf2 Ne4 34. Qe1 Qb5+ 0-1

[Event "URS Team Ch"]
[Site "Podolsk RUS"]
[Date "1990.??.??"]
[Round "?"]
[White "Tal, Mikhail N"]
[Black "Sveshnikov, Evgeny E"]
[Result "1/2-1/2"]
[WhiteElo "2585"]
[BlackElo "2515"]
[PlyCount "29"]
[EventDate "1990.??.??"]
[Source "www.chesslib.no"]
[SourceDate "2004.05.04"]

1. d4 d5 2. c4 e6 3. Nf3 Nf6 4. g3 dxc4 5. Qa4+ Nbd7 6. Bg2 a6 7. Nc3 Rb8 8. Qxc4 b5 9. Qd3 Bb7 10. O-O c5 11. dxc5 Nxc5 12. Qxd8+ Rxd8 13. Rd1 Rxd1+ 14. Nxd1 Bd6 15. Be3 1/2-1/2

[Event "Philadelphia National Congress"]
[Site "Philadelphia"]
[Date "2000.11.27"]
[Round "4"]
[White "Zaichik, Gennadi"]
[Black "Shabalov, Alexander"]
[Result "1/2-1/2"]
[WhiteElo "2495"]
[BlackElo "2601"]
[PlyCount "41"]
[EventDate "2000.11.26"]
[Source "ChessBase"]
[SourceDate "2001.01.11"]

1. d4 Nf6 2. c4 e6 3. g3 d5 4. Bg2 dxc4 5. Qa4+ Bd7 6. Qxc4 Bc6 7. Nf3 Be7 8. O-O O-O 9. Nc3 Nbd7 10. Qd3 Nd5 11. e4 Nxc3 12. bxc3 f5 13. exf5 exf5 14. Ne1 Bxg2 15. Nxg2 Nb6 16. a4 a5 17. Re1 Rf7 18. Nf4 Qd7 19. Qb1 Qc6 20. Qb3 Bd6 21. Nd3 1/2-1/2

[Event "CUB Ch"]
[Site "Cuba"]
[Date "1988.??.??"]
[Round "?"]
[White "Nogueiras, Jesus"]
[Black "Borges Mateos, Juan"]
[Result "1-0"]
[WhiteElo "2560"]
[BlackElo "2535"]
[PlyCount "81"]
[EventDate "1988.10.??"]
[Source "www.chesslib.no"]
[SourceDate "2004.05.04"]

1. d4 d5 2. c4 e6 3. Nf3 Nf6 4. g3 dxc4 5. Qa4+ Nbd7 6. Bg2 a6 7. Nc3 Be7 8. Ne5 Rb8 9. Nxd7 Qxd7 10. Qxc4 b5 11. Qd3 Bb7 12. Bxb7 Rxb7 13. Qf3 Rb6 14. Bg5 O-O 15. Rd1 b4 16. Ne4 Nxe4 17. Bxe7 Qxe7 18. Qxe4 c5 19. dxc5 Qxc5 20. O-O Rd6 21. Rxd6 Qxd6 22. Rc1 g6 23. Rc6 Qd2 24. Qe5 Qd1+ 25. Kg2 Qa4 26. Rc4 a5 27. Rc5 Qxa2 28. Rxa5 Qc4 29. Rc5 Qa6 30. h4 Rc8 31. Rb5 Qc6+ 32. Kg1 Qc1+ 33. Kh2 Qd2 34. h5 Rd8 35. Kg2 Kf8 36. e3 gxh5 37. Qc5+ Kg7 38. Qg5+ Kf8 39. Qh6+ Ke8 40. Qf6 Rd5 41. Rb8+ 1-0

[Event "Las Palmas Open"]
[Site "Las Palmas ESP"]
[Date "1993.??.??"]
[Round "?"]
[White "Kurajica, Bojan"]
[Black "Milos, Gilberto"]
[Result "1/2-1/2"]
[WhiteElo "2535"]
[BlackElo "2560"]
[PlyCount "64"]
[EventDate "1993.09.??"]
[Source "www.chesslib.no"]
[SourceDate "2004.05.04"]

1. d4 Nf6 2. Nf3 d5 3. c4 e6 4. g3 dxc4 5. Qa4+ Nbd7 6. Bg2 a6 7. Nc3 Be7 8. Ne5 O-O 9. Qxc4 Nxe5 10. dxe5 Nd7 11. Qe4 Rb8 12. O-O b5 13. Rd1 b4 14. Na4 Bb7 15. Qc2 Bxg2 16. Kxg2 c5 17. Qe4 Qc7 18. Be3 Nb6 19. Nxb6 Rxb6 20. Rac1 Rc6 21. b3 Rd8 22. Rxd8+ Bxd8 23. Bd2 Rb6 24. Qa8 Rb8 25. Qxa6 Be7 26. Be3 Qxe5 27. Qc6 Rd8 28. Bxc5 Bxc5 29. Rxc5 Qxe2 30. Qb7 Qxa2 31. Qxb4 Qa8+ 32. Kg1 Qa1+ 1/2-1/2

[Event "Finjub30 GM2"]
[Site "Finjub30 GM2"]
[Date "1992.??.??"]
[Round "?"]
[White "Ballon, Guenther Jan"]
[Black "Meleghegyi, Csaba"]
[Result "1/2-1/2"]
[WhiteElo "2480"]
[BlackElo "2600"]
[PlyCount "58"]
[EventDate "1992.??.??"]
[Source "www.chesslib.no"]
[SourceDate "2004.05.04"]

1. d4 d5 2. c4 e6 3. Nf3 Nf6 4. g3 dxc4 5. Qa4+ Nbd7 6. Bg2 a6 7. Nc3 Rb8 8. Qxc4 b5 9. Qd3 Bb7 10. Bf4 Rc8 11. O-O c5 12. dxc5 Bxc5 13. Ng5 Bxg2 14. Kxg2 Qb6 15. a4 b4 16. Nce4 h6 17. Nf3 Nxe4 18. Qxe4 O-O 19. a5 Qb5 20. Rfd1 Nf6 21. Qd3 Qb7 22. Be3 Bxe3 23. Qxe3 Nd5 24. Qb3 Ne7 25. Rd6 Nc6 26. Qc4 Nxa5 27. Qxa6 Qxa6 28. Rxa6 Nc4 29. R6a4 Nxb2 1/2-1/2

[Event "Szirak"]
[Site "Szirak"]
[Date "1986.??.??"]
[Round "?"]
[White "Nogueiras, Jesus"]
[Black "Csom, Istvan"]
[Result "1/2-1/2"]
[WhiteElo "2570"]
[BlackElo "2505"]
[PlyCount "30"]
[EventDate "1986.09.??"]
[Source "ChessBase"]

1. d4 Nf6 2. c4 e6 3. g3 d5 4. Bg2 dxc4 5. Qa4+ Nbd7 6. Nf3 a6 7. Nc3 Rb8 8. Qxc4 b5 9. Qd3 Bb7 10. O-O c5 11. Bf4 Rc8 12. dxc5 Bxc5 13. Rad1 O-O 14. Ne5 Bxg2 15. Kxg2 Nxe5 1/2-1/2

[Event "Torino"]
[Site "?"]
[Date "2000.??.??"]
[Round "?"]
[White "Romanishin, O."]
[Black "Skembris, S."]
[Result "1/2-1/2"]
[WhiteElo "2590"]
[BlackElo "2475"]
[PlyCount "66"]
[EventDate "2000.??.??"]
[Source "Chess Informant"]
[SourceDate "2000.10.01"]

1. Nf3 d5 2. g3 Nf6 3. Bg2 e6 4. d4 Be7 5. c4 dxc4 6. Qa4+ Nbd7 7. Qxc4 a6 8. Qc2 c5 9. O-O cxd4 10. Nxd4 O-O 11. Nc3 Bc5 12. Nb3 Ba7 13. Bd2 Rb8 14. a4 h6 15. Rad1 Qc7 16. Rc1 b5 17. axb5 axb5 18. Na2 Qxc2 19. Rxc2 Bb7 20. Bxb7 Rxb7 21. Na5 Rbb8 22. Nc6 Ra8 23. Nc3 Bc5 24. Nxb5 Ra6 25. Ncd4 Ne4 26. Be3 Rb8 27. Nc3 Nxc3 28. bxc3 Rc8 29. Rcc1 Ra4 30. Nc2 Rc4 31. Bxc5 R4xc5 32. Ne3 Rxc3 33. Rxc3 Rxc3 1/2-1/2

[Event "Viking op"]
[Site "Aaland-Stockholm"]
[Date "1997.??.??"]
[Round "?"]
[White "Rausis, Igors"]
[Black "Sveshnikov, Evgeny"]
[Result "0-1"]
[WhiteElo "2490"]
[BlackElo "2570"]
[PlyCount "80"]
[EventDate "1997.08.??"]
[Source "www.chesslib.no"]
[SourceDate "2004.05.04"]

1. d4 d5 2. c4 e6 3. Nf3 Nf6 4. g3 dxc4 5. Qa4+ Nbd7 6. Bg2 g6 7. Nc3 Rb8 8. Qxc4 b5 9. Qd3 Bb7 10. O-O c5 11. dxc5 b4 12. Na4 Qa5 13. b3 Nxc5 14. Nxc5 Bxc5 15. Nd2 Rd8 16. Nc4 Qb5 17. Qc2 Bd4 18. a4 Qc5 19. Rb1 Bd5 20. e3 Bc3 21. Bxd5 exd5 22. Nb2 h5 23. Nd3 Qc8 24. Bb2 h4 25. f3 hxg3 26. hxg3 Rh3 27. Qg2 Nh5 28. Kf2 Rxg3 29. Qh1 Rh3 30. Qg2 Qf5 31. Qg4 Qxg4 32. fxg4 Nf6 33. Bxc3 bxc3 34. Kg2 Rxe3 35. Rfe1 Nxg4 36. Rxe3+ Nxe3+ 37. Kf3 d4 38. b4 Nc4 39. Rc1 Nb2 40. Ke4 f5+ 0-1

[Event "Munich"]
[Site "Munich"]
[Date "1988.??.??"]
[Round "?"]
[White "Smejkal, Jan"]
[Black "Lau, Ralf"]
[Result "1/2-1/2"]
[WhiteElo "2515"]
[BlackElo "2540"]
[PlyCount "121"]
[EventDate "1988.04.??"]
[Source "ChessBase"]

1. c4 e6 2. Nf3 Nf6 3. g3 d5 4. d4 dxc4 5. Qa4+ Nbd7 6. Bg2 a6 7. Nc3 Rb8 8. Qxc4 b5 9. Qd3 Bb7 10. O-O c5 11. Bf4 Rc8 12. dxc5 Bxc5 13. Rad1 O-O 14. Ne5 Bxg2 15. Kxg2 Nxe5 16. Bxe5 Qxd3 17. Rxd3 Rfd8 18. Rfd1 Rxd3 19. Rxd3 Be7 20. Kf3 Kf8 21. a4 b4 22. Nd1 Ke8 23. Bxf6 Bxf6 24. b3 Ke7 25. Ne3 Bc3 26. Nc4 h5 27. e4 f6 28. Ke3 g6 29. f4 Rc5 30. Ke2 Ba1 31. h3 Bc3 32. g4 hxg4 33. hxg4 g5 34. f5 exf5 35. exf5 Rc8 36. Rh3 Rc6 37. Rh7+ Kd8 38. Kd3 Rc7 39. Rh8+ Kd7 40. Rh7+ Kc6 41. Rxc7+ Kxc7 42. Ne3 Kc6 43. Kc4 a5 44. Kd3 Be5 45. Nc4 Bc7 46. Kd4 Bd8 47. Nd2 Bb6+ 48. Kc4 Bd8 49. Ne4 Be7 50. Kd4 Bd8 51. Ng3 Bc7 52. Nh5 Bb6+ 53. Kc4 Bd8 54. Ng7 Bc7 55. Ne6 Bb6 56. Nf8 Bd8 57. Ng6 Bc7 58. Ne7+ Kd6 59. Ng6 Kc6 60. Ne7+ Kd6 61. Nd5 1/2-1/2

[Event "Chesspangenberg"]
[Site "Buenos Aires"]
[Date "2003.11.13"]
[Round "9.1"]
[White "Ricardi, Pablo"]
[Black "Zarnicki, Pablo"]
[Result "1/2-1/2"]
[WhiteElo "2540"]
[BlackElo "2513"]
[PlyCount "35"]
[EventDate "2003.11.04"]
[Source "Roberto Alvarez"]
[SourceDate "2003.11.17"]

1. Nf3 Nf6 2. c4 e6 3. g3 d5 4. d4 dxc4 5. Qa4+ Nbd7 6. Bg2 a6 7. Nc3 Be7 8. Qxc4 b5 9. Qd3 Bb7 10. O-O O-O 11. Rd1 c5 12. dxc5 Nxc5 13. Qxd8 Rfxd8 14. Be3 Ng4 15. Bxc5 Bxc5 16. e3 Bb4 17. Nd4 Bxg2 18. Kxg2 1/2-1/2

[Event "Linares NL"]
[Site "Linares ESP"]
[Date "1994.??.??"]
[Round "2"]
[White "Vera, Reynaldo G"]
[Black "Nogueiras, Jesus"]
[Result "1/2-1/2"]
[WhiteElo "2500"]
[BlackElo "2550"]
[PlyCount "47"]
[EventDate "1994.09.??"]
[Source "www.chesslib.no"]
[SourceDate "2004.05.04"]

1. d4 Nf6 2. c4 e6 3. g3 d5 4. Bg2 dxc4 5. Qa4+ Nbd7 6. Nf3 a6 7. Nc3 Rb8 8. Qxc4 b5 9. Qd3 Bb7 10. O-O c5 11. Bf4 Rc8 12. dxc5 Bxc5 13. Rad1 O-O 14. Ne5 Bxg2 15. Kxg2 Nxe5 16. Bxe5 Be7 17. Qf3 Qa5 18. Qb7 Rfe8 19. a3 b4 20. Bxf6 gxf6 21. axb4 Qxb4 22. Qxb4 Bxb4 23. Ne4 Be7 24. Nd6 1/2-1/2

[Event "Honved"]
[Site "Budapest"]
[Date "1991.??.??"]
[Round "11"]
[White "Petrosian, Arshak B"]
[Black "Lutz, Christopher"]
[Result "1/2-1/2"]
[WhiteElo "2505"]
[BlackElo "2545"]
[PlyCount "92"]
[EventDate "1991.??.??"]
[Source "ChessBase"]

1. d4 Nf6 2. c4 e6 3. g3 d5 4. Bg2 dxc4 5. Qa4+ Bd7 6. Qxc4 Bc6 7. Nf3 Bd5 8. Qa4+ Bc6 9. Qd1 e5 10. O-O exd4 11. Qxd4 Qxd4 12. Nxd4 Bxg2 13. Kxg2 Bc5 14. Nb3 Be7 15. Nc3 Nc6 16. Rd1 O-O 17. Bf4 Rac8 18. Rac1 Rfd8 19. e4 Bd6 20. Bxd6 cxd6 21. f3 Ne5 22. Na5 Nc4 23. Nxc4 Rxc4 24. Rc2 Rc5 25. Rcd2 Ne8 26. f4 f6 27. Kf3 Rdc8 28. h4 Kf7 29. g4 R8c6 30. g5 Ra6 31. Rd4 Rac6 32. R1d2 a6 33. Nd5 Rc1 34. Ne3 g6 35. Rd1 Rxd1 36. Rxd1 Ng7 37. gxf6 Kxf6 38. Rd4 Ne6 39. Rb4 b5 40. a4 a5 41. axb5 Rc5 42. Ra4 Rxb5 43. Nd5+ Kf7 44. b4 axb4 45. Rxb4 Rxb4 46. Nxb4 Ng7 1/2-1/2

[Event "Djakovo Open"]
[Site "Djakovo"]
[Date "1994.??.??"]
[Round "4"]
[White "Hulak, Krunoslav"]
[Black "Lalic, Bogdan"]
[Result "1/2-1/2"]
[WhiteElo "2530"]
[BlackElo "2520"]
[PlyCount "32"]
[EventDate "1994.11.??"]
[Source "www.chesslib.no"]
[SourceDate "2004.05.04"]

1. d4 Nf6 2. c4 e6 3. g3 d5 4. Bg2 dxc4 5. Qa4+ Nbd7 6. Nd2 c6 7. Qxc4 e5 8. Ngf3 exd4 9. Qxd4 Bc5 10. Qc4 Qe7 11. O-O O-O 12. Nb3 Bb6 13. Bd2 Re8 14. e3 a5 15. Rad1 Ne4 16. Bc1 Ndf6 1/2-1/2

[Event "Puebla Cazalla Open"]
[Site "Puebla Cazalla"]
[Date "1991.??.??"]
[Round "?"]
[White "Veingold, Aleksandr"]
[Black "Vladimirov, Evgeny Y"]
[Result "1/2-1/2"]
[WhiteElo "2465"]
[BlackElo "2575"]
[PlyCount "22"]
[EventDate "1991.??.??"]
[Source "www.chesslib.no"]
[SourceDate "2004.05.04"]

1. d4 Nf6 2. Nf3 d5 3. c4 e6 4. g3 dxc4 5. Qa4+ Bd7 6. Qxc4 Bc6 7. Bg2 Nbd7 8. Nc3 Be7 9. O-O O-O 10. Bg5 Bxf3 11. Bxf3 c6 1/2-1/2

[Event "VIE-ch playoff"]
[Site "Vung Tau"]
[Date "2002.04.06"]
[Round "2"]
[White "Dao Thien Hai"]
[Black "Tu Hoang Thong"]
[Result "1/2-1/2"]
[WhiteElo "2528"]
[BlackElo "2506"]
[PlyCount "64"]
[EventDate "2002.04.06"]
[Source "ChessBase"]
[SourceDate "2002.05.03"]

1. d4 d5 2. c4 e6 3. Nf3 Nf6 4. g3 dxc4 5. Qa4+ Nbd7 6. Bg2 a6 7. Nc3 Rb8 8. Qxc4 b5 9. Qb3 Bb7 10. O-O c5 11. Rd1 b4 12. Na4 Bd5 13. Qd3 Qa5 14. Nxc5 Bxc5 15. dxc5 Nxc5 16. Qd4 O-O 17. Be3 Na4 18. Bg5 Ne4 19. Be7 Rfe8 20. Ne5 Nec3 21. bxc3 Nxc3 22. Re1 Rxe7 23. Bxd5 Qxd5 24. Qxd5 exd5 25. Nc6 Ree8 26. Nxb8 Rxb8 27. Kf1 a5 28. Rec1 f6 29. Rc2 d4 30. Rd2 a4 31. f3 Kf7 32. Kf2 b3 1/2-1/2

[Event "Cannes Open"]
[Site "Cannes FRA"]
[Date "1993.??.??"]
[Round "9"]
[White "Skembris, Spyridon"]
[Black "Inkiov, Ventzislav V"]
[Result "0-1"]
[WhiteElo "2560"]
[BlackElo "2470"]
[PlyCount "102"]
[EventDate "1993.02.??"]
[Source "www.chesslib.no"]
[SourceDate "2004.05.04"]

1. d4 Nf6 2. Nf3 e6 3. g3 d5 4. c4 dxc4 5. Qa4+ Nbd7 6. Bg2 c6 7. Qxc4 b5 8. Qxc6 Rb8 9. Bf4 Bb7 10. Qc7 Qxc7 11. Bxc7 Rc8 12. Ba5 Rc1+ 13. Kd2 Rc4 14. b3 Ne4+ 15. Ke3 Rc8 16. Nfd2 Nd6 17. Bxb7 Nxb7 18. Bc3 Be7 19. Rc1 O-O 20. Bb2 Rxc1 21. Bxc1 Rc8 22. Ba3 Bxa3 23. Nxa3 Rc3+ 24. Kf4 Nf6 25. e3 Nd5+ 26. Kf3 f5 27. Ke2 Nd6 28. Kd1 Nb4 29. Nab1 Rc8 30. a3 Nd3 31. Ke2 Nc1+ 32. Kd1 Ne4 33. Nxe4 Nxb3 34. Nc5 Nxa1 35. Nd2 a5 36. Kc1 a4 37. Kb2 Nb3 38. Ndxb3 axb3 39. Kxb3 Kf7 40. Kb4 Ra8 41. f3 Ke7 42. e4 fxe4 43. fxe4 Kd6 44. g4 Ra7 45. g5 g6 46. h3 e5 47. Kxb5 exd4 48. a4 Ra5+ 49. Kxa5 Kxc5 50. e5 d3 51. e6 Kd6 0-1

[Event "Andorra Open"]
[Site "Andorra"]
[Date "1991.??.??"]
[Round "?"]
[White "Cifuentes Parada, Roberto"]
[Black "Lalic, Bogdan"]
[Result "1/2-1/2"]
[WhiteElo "2510"]
[BlackElo "2520"]
[PlyCount "23"]
[EventDate "1991.06.??"]
[Source "www.chesslib.no"]
[SourceDate "2004.05.04"]

1. Nf3 Nf6 2. c4 e6 3. d4 d5 4. g3 dxc4 5. Qa4+ Nbd7 6. Bg2 a6 7. Nc3 Be7 8. Qxc4 b5 9. Qd3 Bb7 10. O-O c5 11. dxc5 Bxc5 12. Be3 1/2-1/2

[Event "CRO Team Ch"]
[Site "Tucepi"]
[Date "1996.??.??"]
[Round "?"]
[White "Hulak, Krunoslav"]
[Black "Shariyazdanov, Andrey"]
[Result "1-0"]
[WhiteElo "2545"]
[BlackElo "2480"]
[PlyCount "101"]
[EventDate "1996.??.??"]
[Source "www.chesslib.no"]
[SourceDate "2004.05.04"]

1. d4 Nf6 2. c4 e6 3. g3 d5 4. Bg2 dxc4 5. Qa4+ Nbd7 6. Nd2 c6 7. Qxc4 e5 8. Ngf3 exd4 9. Nxd4 Ne5 10. Qc3 Nd5 11. Qb3 Nb4 12. Nc2 Be6 13. Qc3 Nxc2+ 14. Qxc2 Be7 15. O-O O-O 16. Rd1 Qc8 17. Ne4 Bh3 18. Bh1 Qe6 19. Ng5 Bxg5 20. Bxg5 Rfe8 21. b3 Ng4 22. e4 Ne5 23. Qc3 Ng6 24. Be3 f5 25. Bd4 Re7 26. Bc5 Rd7 27. exf5 Bxf5 28. Rxd7 Qxd7 29. Re1 a6 30. Qe3 Rd8 31. Bb6 Rf8 32. h4 Bg4 33. Qg5 Qf5 34. Qe3 Qf7 35. Bg2 Qf5 36. Bc5 Rd8 37. f3 Bh3 38. g4 Bxg4 39. fxg4 Qxg4 40. h5 Nf4 41. Qf3 Qxg2+ 42. Qxg2 Nxg2 43. Kxg2 Rd5 44. b4 Rg5+ 45. Kf3 Rxh5 46. Re8+ Kf7 47. Re7+ Kg8 48. Rxb7 Rh3+ 49. Kg4 Ra3 50. Kf5 h6 51. b5 1-0

[Event "SWE-chT 0102"]
[Site "?"]
[Date "2002.02.09"]
[Round "7"]
[White "Laveryd Peter"]
[Black "Berg Emanuel"]
[Result "1/2-1/2"]
[WhiteElo "2465"]
[BlackElo "2551"]
[PlyCount "148"]
[EventDate "2002.??.??"]
[Source "www.chesslib.no"]
[SourceDate "2004.05.04"]

1. d4 e6 2. g3 Nf6 3. Bg2 d5 4. c4 dxc4 5. Qa4+ Nfd7 6. Nc3 Nc6 7. Bxc6 bxc6 8. Qxc4 Rb8 9. Nf3 Bd6 10. O-O O-O 11. Ne4 Rb6 12. Qc2 e5 13. Be3 exd4 14. Bxd4 c5 15. Bc3 Re8 16. Rfe1 Qe7 17. Ned2 Ba6 18. e4 f6 19. b3 Qe6 20. Rad1 Qg4 21. Nh4 Nf8 22. Nc4 Ne6 23. Nxb6 axb6 24. Rxd6 cxd6 25. Qd1 Qxd1 26. Rxd1 Ng5 27. f3 Re6 28. Kf2 g6 29. Ng2 Nh3+ 30. Ke3 g5 31. Kd2 g4 32. fxg4 Nf2 33. Re1 Nxe4+ 34. Kc2 d5 35. Nf4 Rd6 36. Bb2 Kf7 37. Bc1 Ng5 38. h4 Nf3 39. Rh1 d4 40. g5 d3+ 41. Kd1 fxg5 42. hxg5 Nxg5 43. Bd2 h6 44. Re1 Kf6 45. Re8 Kf5 46. Ng2 Kg4 47. Ne3+ Kh3 48. Rf8 Rg6 49. Rf4 Ne6 50. Rh4+ Kxg3 51. Rxh6 Rxh6 52. Nf5+ Kf3 53. Bxh6 Ke4 54. Ng3+ Kf3 55. Nf5 Nc7 56. Kd2 Nd5 57. Nd6 Nb4 58. a3 Nc2 59. a4 Nd4 60. Kc3 Ke2 61. Ne4 Nf5 62. Bg5 Bb7 63. Nd2 Ne3 64. Bxe3 Kxe3 65. Nc4+ Ke2 66. Nd2 Bd5 67. Nb1 Kd1 68. Nd2 Kc1 69. Kxd3 Kb2 70. Nc4+ Kxb3 71. Nxb6 Bb7 72. Kd2 Bc6 73. a5 Bb7 74. Nd7 Kb4 1/2-1/2

[Event "Manila ol (Men)"]
[Site "Manila PHI"]
[Date "1992.??.??"]
[Round "?"]
[White "Sosonko, Gennadi P"]
[Black "Kveinys, Aloyzas"]
[Result "1/2-1/2"]
[WhiteElo "2530"]
[BlackElo "2485"]
[PlyCount "55"]
[EventDate "1992.06.??"]
[Source "www.chesslib.no"]
[SourceDate "2004.05.04"]

1. d4 Nf6 2. c4 e6 3. g3 d5 4. Bg2 dxc4 5. Qa4+ Nbd7 6. Nd2 Be7 7. Nxc4 O-O 8. Nf3 c5 9. O-O cxd4 10. Nxd4 Nc5 11. Qd1 Bd7 12. Nb3 Bb5 13. Nxc5 Qxd1 14. Rxd1 Bxc5 15. Be3 Bxe3 16. Nxe3 Bxe2 17. Bxb7 Rab8 18. Rd2 Rxb7 19. Rxe2 Rd8 20. Rc1 g5 21. Rc5 h6 22. Rec2 Rdd7 23. b3 Kg7 24. Kg2 Ne4 25. Rc6 Nf6 26. R6c5 Ne4 27. Rc6 Nf6 28. R6c5 1/2-1/2

[Event "Lisbon Summer op"]
[Site "Lisbon"]
[Date "2000.08.29"]
[Round "9"]
[White "Ftacnik, Lubomir"]
[Black "Mitkov, Marjan"]
[Result "1-0"]
[WhiteElo "2608"]
[BlackElo "2402"]
[PlyCount "97"]
[EventDate "2000.08.21"]
[Source "www.chesslib.no"]
[SourceDate "2004.05.04"]

1. d4 Nf6 2. Nf3 e6 3. c4 d5 4. g3 dxc4 5. Qa4+ Nbd7 6. Bg2 c5 7. Qxc4 b6 8. Ne5 Nxe5 9. dxe5 Nd5 10. Nc3 Nxc3 11. bxc3 Rb8 12. Qa4+ b5 13. Qxa7 Qb6 14. Qxb6 Rxb6 15. O-O Bd7 16. Be3 Kd8 17. Rab1 Kc7 18. a4 bxa4 19. Rxb6 Kxb6 20. Rb1+ Ka6 21. Bb7+ Ka7 22. Be4 Bc8 23. Bg5 a3 24. Bd8 c4 25. Bc7 Bc5 26. Rb5 a2 27. Ra5+ Ba6 28. Rxa2 Rc8 29. Ba5 h6 30. h4 Bb7 31. Bb4+ Ba6 32. Bxc5+ Rxc5 33. f4 Kb6 34. Kf2 Rb5 35. Ke3 f6 36. exf6 gxf6 37. g4 f5 38. gxf5 exf5 39. Bf3 Rb1 40. Kd4 Bb5 41. h5 Rd1+ 42. Ke5 Bd7 43. Rb2+ Kc5 44. Rb7 Rd2 45. Rc7+ Kb5 46. Kf6 Kb6 47. Rxc4 Bb5 48. Rd4 Rc2 49. Kxf5 1-0

[Event "Petrov mem"]
[Site "St Petersburg"]
[Date "1998.??.??"]
[Round "4"]
[White "Kochyev, Alexander"]
[Black "Yakovich, Yuri"]
[Result "1/2-1/2"]
[WhiteElo "2430"]
[BlackElo "2570"]
[PlyCount "28"]
[EventDate "1998.??.??"]
[Source "www.chesslib.no"]
[SourceDate "2004.05.04"]

1. d4 Nf6 2. Nf3 d5 3. c4 e6 4. g3 dxc4 5. Qa4+ Nbd7 6. Bg2 a6 7. Nc3 Rb8 8. Qxc4 b5 9. Qd3 Bb7 10. O-O c5 11. dxc5 Bxc5 12. Bf4 Rc8 13. Rad1 O-O 14. Ne5 Bxg2 1/2-1/2